| 000 | 00436nab a2200145Ia 4500 | ||
|---|---|---|---|
| 003 | ES-SlBCS | ||
| 005 | 20210601125641.0 | ||
| 008 | 140529s1972 xxu||||| |||| 00| 0 eng d | ||
| 041 | _aeng | ||
| 100 | 1 |
_aCrocker, Lawrence _9155982 |
|
| 245 | 0 | 0 |
_aMarx's Concept of Exploitation _c Lawrence Crocker |
| 600 | 1 |
_aMarx, Karl-Explotación _9161929 |
|
| 773 | 0 |
_tSocial Theory and Practice _gvol. 2, 1972, págs. 201-216 _wRev846 |
|
| 942 | _cAR | ||
| 999 |
_c533802 _d533802 |
||